Catalog

Record Details

Catalog Search



Veritatis splendor : encyklika Jana Pavla II. o základech morálního učení církve z 6. srpna 1993  Cover Image Book Book

Veritatis splendor : encyklika Jana Pavla II. o základech morálního učení církve z 6. srpna 1993 / Jan Pavel II ; [z latiny přeložili Josef Koláček a Markéta Koronthályová]

Record details

  • ISBN: 80-7113-114-8
  • Physical Description: 131 s. ; 20 cm
  • Edition: 1. vyd.
  • Publisher: Praha : Zvon, 1994

Content descriptions

General Note:
Obsahuje bibliografii
Seznam zkratek

Available copies

  • 1 of 1 copy available at Common Catalog SPOK.

Holds

  • 0 current holds with 1 total copy.
Show Only Available Copies
Location Call Number / Copy Notes Barcode Shelving Location Status Due Date
Jabok Library EK-4.1.2 424480009360 Odborná literatura Available -

LDR 01842nam a2200517 a 4500
00114225
003CZ-PrJAB
00520191101095026.0
008950701s1994 xr | |||| | cze
015 . ‡acnb000095181
020 . ‡a80-7113-114-8 ‡q(brož.)
035 . ‡a(CZ PrSKC)m0316239
035 . ‡a(OCoLC)36602749
040 . ‡aCBA001 ‡bcze
080 . ‡a27 ‡2MRF
080 . ‡a27-4 ‡2MRF
080 . ‡a27-7 ‡2MRF
1000 . ‡aJan Pavel ‡bII., ‡cpapež, ‡d1920-2005 ‡7jn19981001536 ‡4aut
24510. ‡aVeritatis splendor : ‡bencyklika Jana Pavla II. o základech morálního učení církve z 6. srpna 1993 / ‡cJan Pavel II ; [z latiny přeložili Josef Koláček a Markéta Koronthályová]
250 . ‡a1. vyd.
260 . ‡aPraha : ‡bZvon, ‡c1994
300 . ‡a131 s. ; ‡c20 cm
500 . ‡aObsahuje bibliografii
500 . ‡aSeznam zkratek
6530 . ‡aetická učení ‡akřesťanská morálka ‡ařímskokatolická církev
7001 . ‡aKoronthályová, Markéta, ‡d1952- ‡7jn20000710274 ‡4trl
7001 . ‡aKoláček, Josef, ‡d1929- ‡7ola200201012 ‡4trl
910 . ‡aABG312
995 . ‡aska
901 . ‡a14225 ‡bCZ PrSKC ‡c14225 ‡tbiblio

Additional Resources